000 00437nam a2200157 i 4500
001 99476
003 ES-MaACL
005 20230906182514.0
007 t|
008 050912s1959 sp ||||1| spa d
100 1 _aMartín Vigil, José Luis.
_977676
245 1 0 _aTierra brava
_b: novela /
_cJosé Luis Martín Vigil.
260 _aBarcelona :
_bJuventud,
_c1959.
300 _a224 p. ;
_c20 cm.
852 _aES-MaACL
_jC-16999
_bR.44419
999 _c99476
_d99476